Winning the Right Job (Record no. 226253)

MARC details
000 -LEADER
fixed length control field 00469nam a2200205Ia 4500
008 - FIXED-LENGTH DATA ELEMENTS--GENERAL INFORMATION
fixed length control field 240823s9999||||xx |||||||||||||| ||und||
020 ## - INTERNATIONAL STANDARD BOOK NUMBER
International Standard Book Number 978-93-82616-43-6
082 ## - DEWEY DECIMAL CLASSIFICATION NUMBER
-- 650.14 Q5
100 ## - MAIN ENTRY--PERSONAL NAME
Personal name Pratibha Messner
245 #0 - TITLE STATEMENT
Title Winning the Right Job
250 ## - EDITION STATEMENT
Edition statement 1st
260 ## - PUBLICATION, DISTRIBUTION, ETC. (IMPRINT)
Date of publication, distribution, etc 2015
Name of publisher, distributor, etc Pan Macm
500 ## - GENERAL NOTE
General note YES
650 ## - SUBJECT ADDED ENTRY--TOPICAL TERM
Topical term or geographic name as entry element Novel
700 ## - ADDED ENTRY--PERSONAL NAME
Personal name Wolfgang Messner
942 ## - ADDED ENTRY ELEMENTS (KOHA)
Item type Books
Holdings
Withdrawn status Lost status Damaged status Permanent location Current location Date acquired Source of acquisition Cost, normal purchase price Full call number Barcode Date last seen Koha item type
      CENTRAL LIBRARY, NOORUL ISLAM CENTRE FOR HIGHER EDUCATION CENTRAL LIBRARY, NOORUL ISLAM CENTRE FOR HIGHER EDUCATION 02/01/2017 Tamil Nadu Book House 250.00 650.14 Q5 74889 08/23/2024 Books
Visitors:
Copyright © 2024 Central Library NICHE.  All rights reserved.